| 000 | 00635nam a22001337a 4500 | ||
|---|---|---|---|
| 040 | _cRUA | ||
| 082 | _aAGR.BB YUO 2010 B060 Or.1 | ||
| 100 | _aYUOM, YAREN. | ||
| 245 | _aComparison of organic fertilizer on garlic sangke district, battabang province, ការប្រៀបធៀបជីធ្មជាតិទៅលើដំណាំខ្ទឹមស នៅក្នុងស្រុកសង្កែ ខេត្តបាត់ដំបង. | ||
| 260 |
_aphnom phen _bRUA _c2010 |
||
| 300 |
_aIX,56p. _bill. _c29cm. |
||
| 856 | _uhttps://drive.google.com/file/d/1FRCn3Etvol-QUYI3ess7yj-kV98Yapbs/view?usp=sharing | ||
| 942 | _cAGRBB | ||
| 999 |
_c1441 _d1441 |
||